[Event "DEM U16w 2008"]
[Site "Willingen GER"]
[Date "2008.05.16"]
[Round "8"]
[White "Stitterich, Nadine"]
[Black "Kohm, Vanessa"]
[Result "1/2-1/2"]
[Termination "normal"]
[Board "6"]
[WhiteElo "1860"]
[BlackElo "1773"]
[PlyCount "101"]
[WhiteFideId "24676527"]
[BlackFideId "4674472"]
[EventCountry "GER"]
[EventRounds "9"]
[EventType "swiss"]
[EventDate "2008.05.10"]

1. e4 c5 2. Nf3 Nc6 3. d4 cxd4 4. Nxd4 g6 5. Nc3 Bg7 6. Be3 a6 7. Be2 d6 8. O-O
Nf6 9. h3 O-O 10. Qd2 Re8 11. f4 Nxd4 12. Bxd4 b5 13. Bf3 Rb8 14. Qf2 e5 15.
fxe5 dxe5 16. Ba7 Rb7 17. Rad1 Bd7 18. Be3 Qc7 19. g4 b4 20. Nd5 Nxd5 21. exd5
e4 22. Be2 Bb5 23. Bxb5 Rxb5 24. b3 Qd7 25. d6 Qe6 26. Rfe1 Rd8 27. Rf1 f6 28.
Qf4 h5 29. d7 Rb7 30. Rd6 Qf7 31. Qxe4 Rdxd7 32. Rxd7 Rxd7 33. Qxb4 hxg4 34.
Qxg4 f5 35. Qg2 Qe6 36. Re1 Re7 37. Bf2 Be5 38. Rd1 Kg7 39. Qd5 Qf6 40. Qf3
Qg5+ 41. Qg2 Qh5 42. Re1 Kf6 43. c4 g5 44. Bc5 Bd6 45. Bf2 Rxe1+ 46. Bxe1 Qd1
47. Qd2 Bc5+ 48. Kg2 Qb1 49. Qe2 Qa1 50. Qd2 Qe5 51. Bf2 1/2-1/2

[Event "DEM U16w 2008"]
[Site "Willingen GER"]
[Date "2008.05.16"]
[Round "8"]
[White "Schöbel, Ulrike"]
[Black "Blübaum, Johanna"]
[Result "0-1"]
[Termination "normal"]
[Board "7"]
[WhiteElo "1258"]
[BlackElo "1868"]
[PlyCount "58"]
[BlackFideId "24647373"]
[EventCountry "GER"]
[EventRounds "9"]
[EventType "swiss"]
[EventDate "2008.05.10"]

1. d4 Nf6 2. Bf4 g6 3. Nf3 Bg7 4. e3 O-O 5. c4 c5 6. Nc3 cxd4 7. exd4 d5 8. h3
Nc6 9. Be2 a6 10. Ne5 Qb6 11. Nxc6 bxc6 12. b3 Bf5 13. g4 Be6 14. c5 Qb4 15.
Qd2 Nd7 16. Rd1 Nxc5 17. h4 Nd7 18. Rh3 h5 19. Rg3 Bxg4 20. Bxg4 hxg4 21. Rxg4
e5 22. Bh6 exd4 23. Qg5 Qxc3+ 24. Kf1 Qh3+ 25. Rg2 Rae8 26. h5 Re5 27. Qf4 Qxh5
28. Rh2 Qxd1+ 29. Kg2 Rh5 0-1

[Event "DEM U16w 2008"]
[Site "Willingen GER"]
[Date "2008.05.16"]
[Round "8"]
[White "Niemeyer, Sarah"]
[Black "Dorn, Carina"]
[Result "0-1"]
[Termination "normal"]
[Board "8"]
[WhiteElo "1649"]
[BlackElo "1782"]
[PlyCount "72"]
[WhiteFideId "24692000"]
[BlackFideId "24666335"]
[EventCountry "GER"]
[EventRounds "9"]
[EventType "swiss"]
[EventDate "2008.05.10"]

1. e4 g6 2. d4 Bg7 3. f4 d6 4. Nf3 a6 5. Bc4 Nf6 6. e5 Ne4 7. O-O O-O 8. Qe1 d5
9. Bd3 Bf5 10. Ng5 c5 11. c3 cxd4 12. cxd4 Nc6 13. Nc3 Nxg5 14. Bxf5 gxf5 15.
fxg5 Nxd4 16. Qd1 Bxe5 17. Be3 Nc6 18. Qh5 d4 19. Rf3 Qd6 20. Rxf5 dxe3 21.
Raf1 Qg6 22. Qg4 Rad8 23. Ne2 Rd2 24. h4 h5 25. Qc4 Rxe2 26. Qxe2 Nd4 27. Qxe3
Nxf5 28. Qxe5 Nxh4 29. g3 Qb6+ 30. Kh2 Ng6 31. Qe2 Qa5 32. Qg2 Qxg5 33. Qxb7
Qd2+ 34. Kh1 Qe2 35. Kg1 Qe3+ 36. Kg2 Rd8 0-1

[Event "DEM U16w 2008"]
[Site "Willingen GER"]
[Date "2008.05.16"]
[Round "8"]
[White "Micklich, Rahel"]
[Black "Nguyen Minh, Thuy"]
[Result "1/2-1/2"]
[Termination "normal"]
[Board "9"]
[WhiteElo "1786"]
[BlackElo "1758"]
[PlyCount "57"]
[WhiteFideId "24639184"]
[BlackFideId "24672688"]
[EventCountry "GER"]
[EventRounds "9"]
[EventType "swiss"]
[EventDate "2008.05.10"]

1. e4 c5 2. Nf3 d6 3. d4 cxd4 4. Nxd4 Nf6 5. Nc3 a6 6. Bg5 e6 7. f4 Nbd7 8. Qf3
Qc7 9. O-O-O b5 10. g4 b4 11. Nce2 Bb7 12. Bxf6 Nxf6 13. Ng3 Be7 14. g5 Nd7 15.
Nh5 g6 16. Ng7+ Kd8 17. Ngxe6+ fxe6 18. Nxe6+ Kc8 19. Nxc7 Kxc7 20. Rd4 Rhf8
21. Bc4 Bxg5 22. Qb3 Bxf4+ 23. Kb1 Be5 24. Rd2 Nc5 25. Qxb4 a5 26. Qa3 Nxe4 27.
Re2 Nc3+ 28. bxc3 Bxh1 29. Rxe5 1/2-1/2

[Event "DEM U16w 2008"]
[Site "Willingen GER"]
[Date "2008.05.16"]
[Round "8"]
[White "Hohmann, Louisa"]
[Black "Falke, Cynthia"]
[Result "1-0"]
[Termination "normal"]
[Board "10"]
[WhiteElo "1751"]
[BlackElo "1227"]
[PlyCount "83"]
[BlackFideId "24600644"]
[EventCountry "GER"]
[EventRounds "9"]
[EventType "swiss"]
[EventDate "2008.05.10"]

1. e4 e5 2. Nf3 Nc6 3. Bb5 a6 4. Ba4 b5 5. Bb3 Nf6 6. O-O Be7 7. c3 d6 8. Re1
Bg4 9. d3 Na5 10. Bc2 c5 11. a3 O-O 12. Nbd2 Re8 13. Nf1 Bf8 14. h3 Bh5 15. Ng3
Bg6 16. Nh4 Be7 17. Nxg6 fxg6 18. b4 Nb7 19. Bb3+ Kh8 20. f4 Rf8 21. f5 Qe8 22.
a4 gxf5 23. Nxf5 g6 24. Nh6 Rb8 25. axb5 Qxb5 26. Nf7+ Rxf7 27. Bxf7 cxb4 28.
Bc4 Qb6+ 29. Be3 Qc6 30. Rxa6 Qc8 31. cxb4 Nxe4 32. Ba7 Ra8 33. Rxe4 Qd7 34.
Qa1 Rf8 35. Bd5 Rf5 36. Be3 Rf8 37. Bxb7 Qxb7 38. Ra7 Qb5 39. Qa6 Qe8 40. Qb7
Rf7 41. Ra8 Bd8 42. Rxd8 1-0

[Event "DEM U16w 2008"]
[Site "Willingen GER"]
[Date "2008.05.16"]
[Round "8"]
[White "Velina, Valeria"]
[Black "Lingl, Xenia"]
[Result "1/2-1/2"]
[Termination "normal"]
[Board "12"]
[WhiteElo "1565"]
[BlackElo "1633"]
[PlyCount "61"]
[WhiteFideId "24677345"]
[EventCountry "GER"]
[EventRounds "9"]
[EventType "swiss"]
[EventDate "2008.05.10"]

1. e4 d5 2. exd5 Nf6 3. d4 Bg4 4. Nf3 Qxd5 5. Be2 e6 6. Bf4 Qa5+ 7. c3 Nd5 8.
Bg3 Nd7 9. O-O c6 10. Nbd2 Be7 11. Nc4 Qd8 12. Nce5 Bf5 13. Re1 h5 14. Nxd7 h4
15. Nxh4 Bxh4 16. Ne5 Bxg3 17. fxg3 Qg5 18. Bg4 Ne3 19. Qd2 Bxg4 20. Nxg4 Qxg4
21. Qxe3 Qh5 22. h3 O-O-O 23. Rf1 Qg6 24. Rf2 Rd5 25. Raf1 Rf8 26. c4 Rd7 27.
d5 exd5 28. cxd5 Rxd5 29. Qe7 Rfd8 30. Qxf7 Qxg3 31. Qe6+ 1/2-1/2

[Event "DEM U16w 2008"]
[Site "Willingen GER"]
[Date "2008.05.16"]
[Round "8"]
[White "Rolfs, Rebecca"]
[Black "Kinzel, Tiffany"]
[Result "0-1"]
[Termination "normal"]
[Board "13"]
[WhiteElo "1215"]
[BlackElo "1659"]
[PlyCount "72"]
[WhiteFideId "24658219"]
[BlackFideId "4633741"]
[EventCountry "GER"]
[EventRounds "9"]
[EventType "swiss"]
[EventDate "2008.05.10"]

1. e4 c5 2. Nc3 d6 3. f4 Nc6 4. Nf3 e6 5. Bc4 Nge7 6. O-O g6 7. a3 Bg7 8. d3
O-O 9. f5 exf5 10. Qe1 Ne5 11. Nxe5 dxe5 12. Qh4 fxe4 13. dxe4 Qd4+ 14. Rf2 Nf5
15. Qh3 Nd6 16. Qh4 Qxc4 17. Bg5 Nb5 18. Nd5 Bd7 19. Bf6 h5 20. Ne7+ Kh7 21.
Bxg7 Kxg7 22. Qf6+ Kh7 23. Qxe5 Rae8 24. Raf1 Be6 25. Qf6 Qxe4 26. Rf3 Qd4+ 27.
Qxd4 Nxd4 28. Rc3 Ne2+ 29. Kh1 Nxc3 30. bxc3 Rxe7 31. Rb1 Bc4 32. h3 Rfe8 33.
Kh2 Bd5 34. a4 Re2 35. Rg1 Re1 36. Rxe1 Rxe1 0-1

[Event "DEM U16w 2008"]
[Site "Willingen GER"]
[Date "2008.05.17"]
[Round "9"]
[White "Penne, Bo"]
[Black "Stitterich, Nadine"]
[Result "1-0"]
[Termination "normal"]
[Board "1"]
[WhiteElo "1854"]
[BlackElo "1860"]
[PlyCount "91"]
[WhiteFideId "24642193"]
[BlackFideId "24676527"]
[EventCountry "GER"]
[EventRounds "9"]
[EventType "swiss"]
[EventDate "2008.05.10"]

1. e4 e5 2. Nf3 Nc6 3. Nc3 Nf6 4. d4 exd4 5. Nxd4 Bb4 6. Nxc6 bxc6 7. Bd3 d5 8.
exd5 cxd5 9. O-O O-O 10. Bg5 c6 11. Qf3 Be7 12. Rfe1 Be6 13. Ne2 Rb8 14. b3 h6
15. Be3 c5 16. c3 g5 17. h3 Bd6 18. Bd2 Nd7 19. Qh5 Kg7 20. f4 Nf6 21. Qf3 Nh7
22. Ng3 gxf4 23. Nh5+ Kh8 24. Nxf4 Ng5 25. Qh5 Qf6 26. Rf1 Bxf4 27. Rxf4 Qg7
28. Rh4 Kg8 29. Rf1 Nxh3+ 30. Rxh3 Bxh3 31. Qxh3 Rb6 32. Rf3 Kh8 33. Qh5 Rg8
34. Rf2 Rf6 35. Qxd5 Rxf2 36. Kxf2 Qg3+ 37. Kf1 Qh2 38. Be4 Qh1+ 39. Ke2 Qh4
40. Bf3 Re8+ 41. Kd1 Qe7 42. Kc2 Rd8 43. Qh5 Qd7 44. Qxh6+ Kg8 45. Be4 Qg4 46.
Bh7+ 1-0

[Event "DEM U16w 2008"]
[Site "Willingen GER"]
[Date "2008.05.17"]
[Round "9"]
[White "Endress, Anna"]
[Black "Mijatovic, Andrea"]
[Result "1-0"]
[Termination "normal"]
[Board "2"]
[WhiteElo "2038"]
[BlackElo "1864"]
[PlyCount "55"]
[WhiteFideId "24629472"]
[BlackFideId "14514524"]
[EventCountry "GER"]
[EventRounds "9"]
[EventType "swiss"]
[EventDate "2008.05.10"]

1. e4 c5 2. Nf3 d6 3. d4 cxd4 4. Nxd4 Nf6 5. Nc3 a6 6. Bc4 e6 7. a4 Nbd7 8. O-O
Nc5 9. Qe2 Qc7 10. f3 Qb6 11. a5 Qc7 12. Bg5 Be7 13. b4 Ncxe4 14. Nxe4 Nxe4 15.
Bxe7 Nc3 16. Qd3 Kxe7 17. Ra3 Nd5 18. Bxd5 exd5 19. Rc3 Qd7 20. Qe3+ Kd8 21.
Qg5+ Qe7 22. Qxd5 Be6 23. Nxe6+ fxe6 24. Qd4 Rc8 25. Qb6+ Rc7 26. Re1 Re8 27.
Rxe6 Qf7 28. Qxc7+ 1-0

[Event "DEM U16w 2008"]
[Site "Willingen GER"]
[Date "2008.05.17"]
[Round "9"]
[White "Frey, Alisa"]
[Black "Bochis, Julia"]
[Result "1/2-1/2"]
[Termination "normal"]
[Board "3"]
[WhiteElo "1906"]
[BlackElo "1916"]
[PlyCount "39"]
[WhiteFideId "24634662"]
[BlackFideId "24647276"]
[EventCountry "GER"]
[EventRounds "9"]
[EventType "swiss"]
[EventDate "2008.05.10"]

1. d4 d5 2. c4 e6 3. Nc3 c5 4. cxd5 cxd4 5. Qxd4 Nc6 6. Qd1 exd5 7. Qxd5 Bd7 8.
Nf3 Nf6 9. Qd1 Bc5 10. e3 Qe7 11. Be2 O-O-O 12. O-O g5 13. a3 g4 14. Nd4 h5 15.
b4 Bxd4 16. exd4 Be6 17. Be3 Nd5 18. Nxd5 Bxd5 19. Re1 Qe4 20. Bf1 1/2-1/2

[Event "DEM U16w 2008"]
[Site "Willingen GER"]
[Date "2008.05.17"]
[Round "9"]
[White "Blübaum, Johanna"]
[Black "Smolkina, Milana"]
[Result "0-1"]
[Termination "normal"]
[Board "4"]
[WhiteElo "1868"]
[BlackElo "1871"]
[PlyCount "78"]
[WhiteFideId "24647373"]
[BlackFideId "24618780"]
[EventCountry "GER"]
[EventRounds "9"]
[EventType "swiss"]
[EventDate "2008.05.10"]

1. d4 Nf6 2. c4 e6 3. Nc3 Bb4 4. f3 d5 5. a3 Be7 6. e4 dxe4 7. fxe4 e5 8. d5
Bc5 9. Nf3 Bg4 10. Be2 Nbd7 11. b4 Bxf3 12. Bxf3 Bd4 13. Bb2 Bxc3+ 14. Bxc3
Nxe4 15. Bxe4 Qh4+ 16. Kd2 Qxe4 17. Qe2 Qxe2+ 18. Kxe2 O-O-O 19. Rhf1 Rhf8 20.
b5 b6 21. Bb4 Nc5 22. Bxc5 bxc5 23. Rf5 f6 24. Raf1 Kd7 25. g4 Ke7 26. Kd3 Ra8
27. Ke4 a6 28. g5 axb5 29. gxf6+ gxf6 30. Rh5 Rf7 31. cxb5 Rxa3 32. d6+ cxd6
33. Kd5 Kd7 34. Rh6 Ra4 35. Rd1 Rb4 36. Rh3 Rxb5 37. Ra3 Kc7 38. Ke6 Rf8 39.
Ra7+ Rb7 0-1

[Event "DEM U16w 2008"]
[Site "Willingen GER"]
[Date "2008.05.17"]
[Round "9"]
[White "Kohm, Vanessa"]
[Black "Mertens, Pauline"]
[Result "1/2-1/2"]
[Termination "normal"]
[Board "5"]
[WhiteElo "1773"]
[BlackElo "1908"]
[PlyCount "91"]
[WhiteFideId "4674472"]
[BlackFideId "24671959"]
[EventCountry "GER"]
[EventRounds "9"]
[EventType "swiss"]
[EventDate "2008.05.10"]

1. d4 d5 2. c4 c6 3. Nc3 Nf6 4. Nf3 a6 5. e3 Bg4 6. h3 Bh5 7. cxd5 cxd5 8. Be2
e6 9. O-O Bd6 10. Bd2 O-O 11. Rb1 b5 12. b4 Qe7 13. Qb3 Nc6 14. a3 Rfc8 15.
Rfc1 Ne4 16. Be1 Rc7 17. Bd1 Nf6 18. Nd2 Bxd1 19. Qxd1 Rac8 20. Nb3 Nb8 21. Nc5
Nfd7 22. a4 bxa4 23. N3xa4 Rc6 24. Qd3 Nb6 25. Nxb6 Rxb6 26. Nxa6 Rxc1 27. Rxc1
Nxa6 28. Rc8+ Qf8 29. Rxf8+ Bxf8 30. b5 Nb4 31. Qe2 g6 32. f3 Bd6 33. Kf1 Kg7
34. Bc3 Kg8 35. Ke1 Rb8 36. Kd1 Bf8 37. Kc1 Be7 38. Kb2 Nc6 39. Kb3 Na7 40. Ka4
Nxb5 41. Qxb5 Rxb5 42. Kxb5 f5 43. Be1 Bg5 44. Bf2 Kf7 45. Kc6 h5 46. Kd7
1/2-1/2

[Event "DEM U16w 2008"]
[Site "Willingen GER"]
[Date "2008.05.17"]
[Round "9"]
[White "Voss, Chantal"]
[Black "Begeluri, Nino"]
[Result "1-0"]
[Termination "normal"]
[Board "6"]
[WhiteElo "1951"]
[BlackElo "1522"]
[PlyCount "73"]
[WhiteFideId "4664906"]
[EventCountry "GER"]
[EventRounds "9"]
[EventType "swiss"]
[EventDate "2008.05.10"]

1. d4 d5 2. c4 e6 3. Nc3 c5 4. cxd5 exd5 5. Nf3 Nc6 6. g3 Nf6 7. Bg2 Be7 8. O-O
O-O 9. Bg5 cxd4 10. Nxd4 h6 11. Be3 Re8 12. Rc1 Bf8 13. Nxc6 bxc6 14. Na4 Bd7
15. Bc5 Rc8 16. a3 Qa5 17. Bxf8 Kxf8 18. Nc5 Bf5 19. Re1 Qb5 20. b4 a5 21. Nb3
Bg4 22. f3 Qb6+ 23. Kh1 a4 24. Nc5 Bd7 25. Qxa4 Kg8 26. Qb3 Rb8 27. Qc3 Rec8
28. Red1 Qd8 29. Qd3 Qe7 30. Nxd7 Nxd7 31. e4 Ne5 32. Qd4 Rd8 33. exd5 Rxd5 34.
Qe4 f5 35. Qe2 Ra8 36. Rxd5 cxd5 37. f4 1-0

[Event "DEM U16w 2008"]
[Site "Willingen GER"]
[Date "2008.05.17"]
[Round "9"]
[White "Wild, Katharina"]
[Black "Dorn, Carina"]
[Result "1/2-1/2"]
[Termination "normal"]
[Board "7"]
[WhiteElo "1882"]
[BlackElo "1782"]
[PlyCount "66"]
[WhiteFideId "24678015"]
[BlackFideId "24666335"]
[EventCountry "GER"]
[EventRounds "9"]
[EventType "swiss"]
[EventDate "2008.05.10"]

1. c4 e5 2. Nc3 Nc6 3. g3 g6 4. Bg2 Bg7 5. d3 f5 6. e3 Nf6 7. Nge2 O-O 8. O-O
d6 9. Rb1 Be6 10. b4 Qd7 11. b5 Nd8 12. a4 c6 13. f4 e4 14. Nd4 d5 15. Nxe6
Qxe6 16. cxd5 Nxd5 17. Nxd5 cxd5 18. Ba3 Rf7 19. Rc1 Rc8 20. Qd2 b6 21. Rfd1
Nb7 22. Bf1 Rfc7 23. d4 Na5 24. Qb2 Qd7 25. Rxc7 Rxc7 26. Rc1 Rxc1 27. Qxc1 Bf6
28. Bb4 Be7 29. Bxa5 bxa5 30. Be2 Kf7 31. Bd1 Bd6 32. Bb3 Ke6 33. Qc2 Bb4
1/2-1/2

[Event "DEM U16w 2008"]
[Site "Willingen GER"]
[Date "2008.05.17"]
[Round "9"]
[White "Schöbel, Ulrike"]
[Black "Hohmann, Louisa"]
[Result "1/2-1/2"]
[Termination "normal"]
[Board "8"]
[WhiteElo "1258"]
[BlackElo "1751"]
[PlyCount "43"]
[EventCountry "GER"]
[EventRounds "9"]
[EventType "swiss"]
[EventDate "2008.05.10"]

1. d4 d5 2. Bf4 c5 3. c3 Nc6 4. Nf3 Nf6 5. e3 Qb6 6. Qc2 Bg4 7. Nbd2 e6 8. Bd3
c4 9. Be2 Bf5 10. Qc1 h6 11. h3 Qa5 12. O-O Be7 13. Bd1 b5 14. Bc2 b4 15. Bxf5
exf5 16. Ne5 Rc8 17. f3 bxc3 18. bxc3 O-O 19. Qc2 Nxe5 20. Bxe5 Rfe8 21. Rfe1
Nd7 22. Bf4 1/2-1/2

[Event "DEM U16w 2008"]
[Site "Willingen GER"]
[Date "2008.05.17"]
[Round "9"]
[White "Nguyen Minh, Thuy"]
[Black "Niemeyer, Sarah"]
[Result "1/2-1/2"]
[Termination "normal"]
[Board "9"]
[WhiteElo "1758"]
[BlackElo "1649"]
[PlyCount "76"]
[WhiteFideId "24672688"]
[BlackFideId "24692000"]
[EventCountry "GER"]
[EventRounds "9"]
[EventType "swiss"]
[EventDate "2008.05.10"]

1. e4 c5 2. Nf3 d6 3. Nc3 Nf6 4. d4 cxd4 5. Nxd4 g6 6. f4 Bg7 7. e5 Nh5 8. Bb5+
Bd7 9. exd6 exd6 10. Bxd7+ Nxd7 11. Ndb5 Qh4+ 12. Ke2 Qg4+ 13. Kf2 Qxd1 14.
Rxd1 O-O 15. Rxd6 Nc5 16. Be3 Ne6 17. Nxa7 Bxc3 18. bxc3 Nexf4 19. Rd7 Rfe8 20.
Rxb7 Nxg2 21. Bd4 Nhf4 22. Rab1 g5 23. R7b5 h6 24. R5b2 Re2+ 25. Kf1 Rae8 26.
Rb8 Rxb8 27. Rxb8+ Kh7 28. Rb5 g4 29. a4 h5 30. Rxh5+ Kg6 31. Re5 Rxc2 32. a5
f6 33. Re8 f5 34. Nc6 Rc1+ 35. Kf2 Rc2+ 36. Kf1 Rc1+ 37. Kf2 Rc2+ 38. Kf1 Rc1+
1/2-1/2

[Event "DEM U16w 2008"]
[Site "Willingen GER"]
[Date "2008.05.17"]
[Round "9"]
[White "Wisheckel, Lena"]
[Black "Micklich, Rahel"]
[Result "1/2-1/2"]
[Termination "normal"]
[Board "10"]
[WhiteElo "1702"]
[BlackElo "1786"]
[PlyCount "58"]
[WhiteFideId "24691992"]
[BlackFideId "24639184"]
[EventCountry "GER"]
[EventRounds "9"]
[EventType "swiss"]
[EventDate "2008.05.10"]

1. e4 c5 2. Nf3 d6 3. Bb5+ Bd7 4. Bxd7+ Qxd7 5. O-O Nf6 6. Qe2 e6 7. c3 Be7 8.
d4 cxd4 9. cxd4 d5 10. e5 Ne4 11. Nbd2 Nxd2 12. Bxd2 O-O 13. Qd3 Rc8 14. Ng5
Bxg5 15. Bxg5 Nc6 16. a3 Ne7 17. Rac1 Ng6 18. Bd2 Rxc1 19. Rxc1 Rc8 20. Rc3
Rxc3 21. Qxc3 Qa4 22. h3 Qc4 23. Qb4 Qxb4 24. Bxb4 Nf4 25. Kf1 Nd3 26. Bc3 f6
27. Ke2 Nf4+ 28. Kf3 Ng6 29. Ke3 f5 1/2-1/2

[Event "DEM U16w 2008"]
[Site "Willingen GER"]
[Date "2008.05.17"]
[Round "9"]
[White "Kinzel, Tiffany"]
[Black "Lingl, Xenia"]
[Result "1-0"]
[Termination "normal"]
[Board "11"]
[WhiteElo "1659"]
[BlackElo "1633"]
[PlyCount "62"]
[WhiteFideId "4633741"]
[EventCountry "GER"]
[EventRounds "9"]
[EventType "swiss"]
[EventDate "2008.05.10"]

1. e4 e6 2. d3 b6 3. Nd2 Bb7 4. g3 Ne7 5. Bg2 g6 6. Ngf3 Bg7 7. O-O d6 8. Re1
e5 9. Nf1 Nbc6 10. c3 Qd7 11. Bd2 f5 12. Qc1 O-O-O 13. b4 Rdf8 14. a4 h6 15. a5
g5 16. axb6 axb6 17. b5 Nb8 18. Ra7 f4 19. Qa3 Ng6 20. Ra1 g4 21. Ne1 f3 22.
Bh1 Bf6 23. Nc2 h5 24. Nb4 h4 25. Rxb7 Kxb7 26. Qa8+ Kc8 27. Nc6 Qxc6 28. bxc6
hxg3 29. Qb7+ Kd8 30. Qxb8+ Ke7 31. Qxc7+ Ke6 1-0

[Event "DEM U16w 2008"]
[Site "Willingen GER"]
[Date "2008.05.17"]
[Round "9"]
[White "Falke, Cynthia"]
[Black "Velina, Valeria"]
[Result "1-0"]
[Termination "normal"]
[Board "12"]
[WhiteElo "1227"]
[BlackElo "1565"]
[PlyCount "57"]
[WhiteFideId "24600644"]
[BlackFideId "24677345"]
[EventCountry "GER"]
[EventRounds "9"]
[EventType "swiss"]
[EventDate "2008.05.10"]

1. e4 c6 2. d4 d5 3. Nc3 dxe4 4. Nxe4 Bf5 5. Nc3 Nf6 6. Nf3 h6 7. h4 Nbd7 8.
Bd3 Bxd3 9. Qxd3 e6 10. Bf4 Be7 11. O-O-O Nb6 12. Rdg1 Bd6 13. Bxd6 Qxd6 14.
Ne5 Nfd5 15. Ne4 Qc7 16. Qg3 g6 17. c4 Nb4 18. Nf6+ Kd8 19. a3 Na6 20. h5 Qe7
21. hxg6 Qxf6 22. Nxf7+ Ke7 23. Qd6+ Ke8 24. Nxh8 Nxc4 25. Qg3 Qxh8 26. g7 Qg8
27. Rxh6 Kf7 28. Qg6+ Ke7 29. Rh8 1-0

[Event "DEM U16w 2008"]
[Site "Willingen GER"]
[Date "2008.05.17"]
[Round "9"]
[White "Sonnhalter, Stella"]
[Black "Rolfs, Rebecca"]
[Result "1/2-1/2"]
[Termination "normal"]
[Board "13"]
[WhiteElo "1530"]
[BlackElo "1215"]
[PlyCount "66"]
[WhiteFideId "4624815"]
[BlackFideId "24658219"]
[EventCountry "GER"]
[EventRounds "9"]
[EventType "swiss"]
[EventDate "2008.05.10"]

1. e4 d5 2. exd5 Qxd5 3. Nc3 Qd6 4. d4 Nf6 5. Bc4 a6 6. h3 b5 7. Bb3 Bb7 8. Nf3
e6 9. Be3 Be7 10. O-O O-O 11. Qd2 Bxf3 12. gxf3 Nc6 13. Ne4 Nxe4 14. fxe4 e5
15. d5 Nd8 16. Kh1 Kh8 17. Rg1 Qf6 18. Rg3 Nb7 19. Rag1 Rg8 20. Qe2 g6 21. c4
bxc4 22. Bxc4 a5 23. Rc1 Nc5 24. Bg5 Qd6 25. Bxe7 Qxe7 26. Kh2 Rab8 27. Qc2 Rb7
28. Be2 Nd7 29. Rc3 Nf6 30. Bd3 Ne8 31. Rc5 Ra7 32. Qa4 Qf6 33. R1c2 Qf4+
1/2-1/2